| 000 | 00546nam a2200181Ia 4500 | ||
|---|---|---|---|
| 005 | 20250423094801.0 | ||
| 008 | 250422s9999 xx 000 0 und d | ||
| 020 | _a9781032503721 | ||
| 050 | _aRA 418 .C64/ | ||
| 100 | _aEdited by Saradamoyee Chatterjee and Jill Jameson | ||
| 245 | 0 | _aCoercion and trust | |
| 260 | _aNew York | ||
| 260 | _bRoutledge | ||
| 260 | _c2023 | ||
| 300 | _a358 p | ||
| 650 | _aTrust -- Health aspects Coercion -- Health aspects Medical sociology Social influence -- Health aspects Health behavior | ||
| 942 | _cBK | ||
| 999 |
_c28281 _d28281 |
||